00638nam a2200169 i 450000100060000000300090000600500170001500700030003200800410003524501120007626000300018830000220021871000570024085200320029799900170032995201220034683026ES-MaACL20230906174752.0t|041115s1970 sp s ||||1| spa d00aEncuesta sobre bienes de consumo en las familias b: marzo de 1969 / cInstituto Nacional de Estadística. aMadrid : b[s.n., c1970] a200 p. ; c29 cm.2 aInstituto Nacional de Estadística (España)95162 aES-MaACLjC-41010 bR.74319 c83026d83026 00104070aATENEOMbATENEOMcDEPO2d2008-01-17eSCl0oC-41010p1086763r2023-02-23 00:00:00w2023-02-23yMONOGRAFIA